Estadística i societat /
Descripción Física:
31 exemplars ; taules, gràfics, periodicitat irregular ; 30 cm
MARC
| LEADER | 00000nas a2200000 a 4500 | ||
|---|---|---|---|
| 001 | 28042 | ||
| 003 | Arxiu | ||
| 005 | 20260324175349.0 | ||
| 008 | 160829s1980 - xx 000 0 cat d | ||
| 008 | 160829s9999 xx 000 0 cat d | ||
| 017 | |a DL B. 7282-1980 | ||
| 040 | |a AGDB | ||
| 080 | |a Revistes | ||
| 245 | 0 | 0 | |a Estadística i societat / |c Generalitat de Catalunya. Departament de la Presidència. Institut Central d'Estadística i Documentació |
| 260 | |a Barcelona : |b Servei Central de Publicacions de la Generalitat de Catalunya, |c 1980-1988 | ||
| 300 | |a 31 exemplars ; |b taules, gràfics, periodicitat irregular ; |e 30 cm | ||
| 310 | |a Irregular | ||
| 362 | |a Núm. 1 (gen. 1980)- | ||
| 555 | |a Índex: Núms. 1-13 (1980-1982), a Fulls 14/16 (març/maig 1982); Núms. 1-64 (1980-1987), a Fulls 65/68 (jul./oct. 1987) | ||
| 590 | |a Irregular. | ||
| 590 | |a A partir de 1985 l'editor és: Consorci d'Informació i Documentació de Catalunya | ||
| 650 | |a Catalunya |x Estadístiques |x Revistes |9 29228 | ||
| 650 | |a Catalunya |x Condicions socials |x Estadístiques |x Revistes |9 29229 | ||
| 655 | 0 | |9 55823 |a Revistes | |
| 710 | 2 | |a Institut Central d'Estadística i Documentació (Catalunya) |9 56536 | |
| 710 | 2 | |a Consorci d'Informació i Documentació de Catalunya |9 54862 | |
| 866 | |a 1980 (1, 2, 3, 4, 5) | ||
| 866 | |a 1981 (6-7, 8-9, 10-11) | ||
| 866 | |a 1982 (12-13, 14, 15, 16, 17-18, 19-20, 21) | ||
| 866 | |a 1983 (22-23, 24-25, 26-27, 28-29) | ||
| 866 | |a 1984 (30-31, 32-33, 34-35) | ||
| 866 | |a 1985 (36-39, 40-42, 43-44, 45-48) | ||
| 866 | |a 1986 (45-48, 49-52, 53-56, 57-58) | ||
| 866 | |a 1987 (59-60, 61-64, 65-68, 69-72) | ||
| 866 | |a 1988 (69-72, 73-74, 75-78, 79-81) | ||
| 901 | |a Arxiu | ||
| 942 | |n 1 |2 udc |c REV | ||
| 952 | |0 0 |1 0 |4 0 |7 1 |9 45111 |a Arxiu |b Arxiu |d 2016-12-01 |h Full núm. 1 (gener 1980)-Full núm. 79-81 (setembre-desembre 1988) |o Rev-2184 |p 28042 |r 2016-12-01 00:00:00 |w 2016-12-01 |y ARXIU | ||
| 999 | |c 47732 |d 47732 | ||